000
00323nam a22001337a 4500
008
180919b xxu||||| |||| 00| 0 eng d
020
_a
9780838584064
041
_a
eng
080
_a
610.73
100
_a
2
101
_a
INF
245
_a
Research Stategies For Advanced Practice Nurses
_c
Nowood.s.L
942
_2
udc
_c
BK
999
_c
47998
_d
47998